Diccionario de Política

Bewaard in:
Bibliografische gegevens
Hoofdauteurs: Bobbio, Norberto (autor), Mateucci, Nicola (Auteur)
Andere auteurs: Pasquino, Gianfranco (autor)
Formaat: Boek
Taal:Spaans
Gepubliceerd in: Cuernavaca Siglo Veintiuno 2008
Editie:16a. ed
Onderwerpen:
Tags: Voeg label toe
Geen labels, Wees de eerste die dit record labelt!

MARC

LEADER 00000nam a2200000 a 4500
001 UCH4658
003 CL-VaPUC
008 090827e20080000MX |||||||||||||||||spa|d
020 |a 9789682316692 
082 0 4 |a 320.03  |b BOB  |2 21 
100 |a Bobbio, Norberto  |e autor  |9 257371 
700 0 |a Mateucci, Nicola  |e author  |9 540317 
700 |a Pasquino, Gianfranco  |e autor  |9 592533 
245 1 0 |a Diccionario de Política 
250 |a 16a. ed 
300 |a v 
942 |c BK 
945 |d 20090827 00:00:00  |a dcastane 
260 |a Cuernavaca  |b Siglo Veintiuno  |c 2008 
500 |a v.1: a-j 
500 |a v.2: l-z 
650 7 |a POLITICA DICCIONARIOS  |2 CL-VaPUC  |9 537097 
583 |a last modification  |c 20090827 00:00:00  |k Rodrigo Vera 
999 |c 335932  |d 335930 
952 |0 0  |1 0  |4 0  |6 320_030000000000000_BOB_2008  |7 0  |8 X  |9 426786  |a BIBHIS  |b BIBHIS  |d 2019-11-22  |h v.1  |i 4592387  |o 320.03 BOB 2008  |p 4592387  |r 2024-01-30  |w 2019-11-22  |y BK_X  |k HIS 
952 |0 0  |1 0  |4 0  |6 320_030000000000000_BOB_2008  |7 0  |8 X  |9 426787  |a BIBHIS  |b BIBHIS  |d 2019-11-22  |h v.2  |i 4592395  |l 1  |o 320.03 BOB 2008  |p 4592395  |r 2024-03-26  |s 2024-03-26  |w 2019-11-22  |y BK_X  |k HIS